|
|
|
|
| LEADER |
00000nam2a2200000 4500 |
| 001 |
378874 |
| 005 |
20231102013036.0 |
| 035 |
|
|
|a (RuTPU)RU\TPU\retro\36335
|
| 035 |
|
|
|a RU\TPU\retro\36334
|
| 090 |
|
|
|a 378874
|
| 100 |
|
|
|a 20230619d1966 k y0rusy50 ca
|
| 101 |
0 |
|
|a rus
|
| 102 |
|
|
|a RU
|
| 105 |
|
|
|a a z 001zy
|
| 200 |
0 |
|
|a Вып. 71 : Вопросы автоматизации контроля и управления рудничной атмосферой
|f отв. ред. П. Д. Луневский
|
| 210 |
|
|
|d 1966
|
| 215 |
|
|
|a 78 с.
|c ил.
|
| 320 |
|
|
|a Библиогр. в конце ст.
|
| 461 |
|
1 |
|0 (RuTPU)RU\TPU\retro\36250
|t Труды института ЦНИГРИ
|f Центральный научно-исследовательский горно-разведочный институт цветных, редких и благородных металлов
|v Вып. 71 : Вопросы автоматизации контроля и управления рудничной атмосферой
|d 1958-
|
| 606 |
1 |
|
|a Золоторудные месторождения
|2 stltpush
|3 (RuTPU)RU\TPU\subj\11877
|9 38756
|
| 610 |
1 |
|
|a геология
|
| 610 |
1 |
|
|a золото
|
| 610 |
1 |
|
|a горное дело
|
| 610 |
1 |
|
|a рудничная атмосфера
|
| 610 |
1 |
|
|a автоматизация
|
| 610 |
1 |
|
|a контрольная аппаратура
|
| 610 |
1 |
|
|a измерительная аппаратура
|
| 610 |
1 |
|
|a воздух
|
| 610 |
1 |
|
|a проветривание
|
| 610 |
1 |
|
|a взрывные работы
|
| 610 |
1 |
|
|a медно-колчеданные рудники
|
| 610 |
1 |
|
|a эндогенные пожары
|
| 610 |
1 |
|
|a потоки воздуха
|
| 610 |
1 |
|
|a уравнения
|
| 610 |
1 |
|
|a вентиляционное окно
|
| 610 |
1 |
|
|a электронные приборы
|
| 610 |
1 |
|
|a медные шахты
|
| 675 |
|
|
|a 553.411
|v 3
|
| 702 |
|
1 |
|a Луневский
|b П. Д.
|4 340
|
| 801 |
|
1 |
|a RU
|b 63413507
|c 20051123
|g PSBO
|
| 801 |
|
2 |
|a RU
|b 63413507
|c 20230619
|g PSBO
|
| 942 |
|
|
|c BK
|